[Event "It (open)"]
[Site "masterchessopen.com Lienz (Austria)"]
[Round "0"]
[White "Eigenmann C"]
[Black "Egartner Wolfgang (AUT)"]
[Result "0-1"]
[WhiteElo "1905"]
[BlackElo "2151"]

1.d4 Nf6 2.c4 e6 3.Nc3 Bb4 4.e3 O-O 5.Ne2 d5 6.a3 Be7 7.Nf4 c6 8.Bd3 Nbd7
9.O-O dxc4 10.Bxc4 e5 11.Nd3 exd4 12.exd4 Nb6 13.Ba2 Qxd4 14.Re1 Bd6 15.Be3
Qh4 16.h3 Bf5 17.Bxb6 axb6 18.Ne5 Bxe5 19.Rxe5 Qf4 20.Re7 Rad8 21.Bxf7+ Kh8
22.Qb3 Ne4 23.Nxe4 Bxe4 24.Qxb6 Bxg2 25.Qc7 Qg5 26.Kh2 Rd3 27.Be6 Bxh3 28.Rg1
Rxf2+ {#R} 0-1

[Event "?"]
[Site "masterchessopen.com Minsk (Belarus)"]
[Round "0"]
[White "Bystrov Sergej M (RUS)"]
[Black "Botvinnik Ilia (ISR)"]
[Result "0-1"]
[WhiteElo "2289"]
[BlackElo "2369"]

1.d4 Nf6 2.c4 e6 3.Nc3 Bb4 4.e3 O-O 5.Ne2 Re8 6.a3 Bf8 7.e4 d5 8.e5 Nfd7 9.c5
b6 10.b4 a5 11.Be3 axb4 12.axb4 Rxa1 13.Qxa1 f6 14.f4 fxe5 15.fxe5 Nc6 16.Na2
bxc5 17.bxc5 Ba6 18.Nf4 Qa8 19.Kf2 Bxf1 20.Rxf1 Qa4 21.Qb2 Rb8 22.Qd2 Ndxe5
23.dxe5 d4 24.Kg1 dxe3 25.Qd7 Qxa2 26.Qxc6 e2 27.Re1 Qd2 28.Qxe6+ Kh8 29.Ng6+
hxg6 30.Qh3+ Qh6 {#R} 0-1

[Event "It (open)"]
[Site "masterchessopen.com Edinburgh (Scotland)"]
[Round "2"]
[White "Walker Duncan (SCO)"]
[Black "Buchanan Walter F (SCO)"]
[Result "0-1"]
[WhiteElo "1988"]
[BlackElo "2127"]

1.d4 Nf6 2.c4 e6 3.Nc3 Bb4 4.e3 O-O 5.Ne2 Be7 6.d5 d6 7.Ng3 a5 8.b3 Na6 9.Ba3
e5 10.Bd3 Ne8 11.Nf5 Bxf5 12.Bxf5 g6 13.Bd3 f5 14.e4 Nc5 15.h4 fxe4 16.Bxe4
Bxh4 17.Bxc5 dxc5 18.g3 Qf6 19.Rh2 Nd6 20.Qg4 Bg5 21.Ke2 Nf5 22.Rah1 h6 23.Kd3
Rae8 24.Na4 b6 25.Nc3 Kg7 26.Kc2 Nd6 27.Bd3 e4 28.Nxe4 Nxe4 29.Bxe4 Qd4 30.f3
a4 31.Rd1 Qe5 32.Qd7+ Re7 33.Qg4 axb3+ 34.axb3 Ra8 35.Re2 Ra2+ 36.Kd3 Qd4# 0-1

[Event "It (open)"]
[Site "masterchessopen.com Lugano (Switzerland)"]
[Round "8"]
[White "Schienmann Bruno (GER)"]
[Black "Verat Laurent (FRA)"]
[Result "1-0"]
[WhiteElo "2235"]
[BlackElo "2338"]

1.d4 Nf6 2.c4 e6 3.Nc3 Bb4 4.e3 O-O 5.Ne2 d5 6.cxd5 exd5 7.g3 Bg4 8.Bg2 Qd7
9.h3 Be6 10.Nf4 c5 11.dxc5 Na6 12.Bd2 d4 13.exd4 Qxd4 14.Nxe6 Rae8 15.O-O fxe6
16.Be3 Qe5 17.Bxb7 Nxc5 18.Bf3 Qf5 19.Bg2 Rd8 20.Qe2 h5 21.Rad1 Rxd1 22.Rxd1
Bxc3 23.bxc3 Nce4 24.Rc1 Rd8 25.c4 e5 26.c5 Ng5 27.Kh2 e4 28.c6 h4 29.Bf4
hxg3+ 30.fxg3 Nd5 31.c7 Rc8 32.Bxg5 Qxg5 33.Qxe4 Nxc7 34.Rc6 Kh8 35.Qc4 Qe5
36.Rc5 {#r} 1-0

[Event "It (open)"]
[Site "masterchessopen.com Philadelphia (USA)"]
[Round "0"]
[White "Gurevich Mikhail (TUR)"]
[Black "Shapiro Daniel E (USA)"]
[Result "1-0"]
[WhiteElo "2645"]
[BlackElo "2350"]

1.d4 Nf6 2.c4 e6 3.Nc3 Bb4 4.e3 O-O 5.Ne2 d5 6.cxd5 exd5 7.g3 c6 8.Qc2 Bd6
9.Bg2 h5 10.Bd2 Re8 11.f3 b5 12.a3 a5 13.e4 dxe4 14.fxe4 b4 15.axb4 Bxb4
16.O-O Qb6 17.Kh1 Ba6 18.e5 Nbd7 19.Rae1 Nh7 20.Qf5 Re7 21.Qxh5 Bxe2 22.Rxe2
Qxd4 23.Bxc6 Rd8 24.Be4 g6 25.Qh4 Nxe5 26.Nd5 Rxd5 27.Bxb4 Rb7 28.Bc3 Qc4
29.Bxd5 Qxe2 30.Qf4 g5 31.Qf5 Qb5 32.Be4 Ng6 33.Bxb7 {#r} 1-0

[Event "It (cat.9)"]
[Site "masterchessopen.com Tel Aviv (Israel)"]
[Round "2"]
[White "Gurevich Mikhail (TUR)"]
[Black "Shabtai Ran (ISR)"]
[Result "1-0"]
[WhiteElo "2645"]
[BlackElo "2246"]

1.d4 Nf6 2.c4 e6 3.Nc3 Bb4 4.e3 O-O 5.Ne2 Re8 6.a3 Bf8 7.d5 exd5 8.cxd5 a5
9.Ng3 Na6 10.Be2 Nc5 11.O-O c6 12.Bf3 a4 13.Rb1 Qc7 14.e4 Bd6 15.Bg5 Be5
16.Bxf6 Bxf6 17.d6 Qa5 18.Bg4 b6 19.Qf3 Ne6 20.Bh5 Qe5 21.Rfe1 Nd4 22.Qg4 g6
23.f4 Qc5 24.Kh1 Kh8 25.e5 gxh5 26.exf6 {#r} 1-0

[Event "Tournament (team)"]
[Site "masterchessopen.com Buenos Aires (Argentina)"]
[Round "0"]
[White "Anelli Antonio (ARG)"]
[Black "Slipak Sergio (ARG)"]
[Result "0-1"]
[WhiteElo "2145"]
[BlackElo "2432"]

1.d4 Nf6 2.c4 e6 3.Nc3 Bb4 4.e3 O-O 5.Ne2 Re8 6.a3 Bf8 7.e4 d5 8.e5 Nfd7
9.cxd5 exd5 10.b4 a5 11.b5 c5 12.bxc6 bxc6 13.g3 c5 14.f4 cxd4 15.Nxd4 Nb6
16.Bb5 Bd7 17.O-O Bc5 18.Kg2 Na6 19.Nb3 Bf8 20.Nxa5 d4 21.Qxd4 {#R} 0-1

[Event "It (open)"]
[Site "masterchessopen.com Detroit (USA)"]
[Round "0"]
[White "Rogers Bradley K (USA)"]
[Black "Stone Raymond (CAN)"]
[Result "0-1"]
[WhiteElo "2100"]
[BlackElo "2321"]

1.d4 Nf6 2.c4 e6 3.Nc3 Bb4 4.e3 O-O 5.Ne2 d5 6.a3 Be7 7.Nf4 c6 8.Be2 Bd6 9.O-O
Nbd7 10.cxd5 exd5 11.Nd3 a5 12.f4 Nb6 13.Ne5 Re8 14.Bd3 Qe7 15.Qe2 Nfd7 16.Bd2
Nf8 17.Qf2 f6 18.Nf3 Be6 19.Rae1 Qd7 20.Nh4 Bc7 21.e4 dxe4 22.Nxe4 Bc4
23.Bxc4+ Nxc4 24.Bc3 Qd5 25.Ng3 Nd6 26.Qc2 Kh8 27.Nhf5 Nxf5 28.Nxf5 Ng6 29.g3
Bb6 30.Rxe8+ Rxe8 31.Rd1 c5 32.Qd3 Nf8 33.Kf2 cxd4 34.Bxd4 Rd8 35.Ke3 g6
36.Bxb6 Qe6+ {#R} 0-1

[Event "It"]
[Site "masterchessopen.com Ermua (Spain)"]
[Round "0"]
[White "Cruz-Lopez Claret Carlos (ESP)"]
[Black "Izeta Txabarri Felix (ESP)"]
[Result "0-1"]
[WhiteElo "2334"]
[BlackElo "2459"]

1.d4 Nf6 2.c4 e6 3.Nc3 Bb4 4.e3 O-O 5.Ne2 Re8 6.a3 Bf8 7.e4 d6 8.f3 c6 9.Be3
a6 10.Ng3 b5 11.b3 bxc4 12.bxc4 c5 13.d5 exd5 14.cxd5 g6 15.Be2 Bg7 16.O-O Ng4
17.fxg4 Bxc3 18.Ra2 Nd7 19.g5 Rb8 20.h4 Qb6 21.h5 Ne5 22.Rf6 Qb1 23.Rc2 Bd4
24.Bxd4 cxd4 25.Rc1 Qb2 26.h6 d3 27.Qf1 dxe2 28.Nxe2 Bg4 29.Nc3 Qd2 30.Rxf7
Nxf7 {#R} 0-1

[Event "It (open)"]
[Site "masterchessopen.com Mar del Plata (Argentina)"]
[Round "0"]
[White "Soppe Guillermo (ARG)"]
[Black "Slipak Sergio (ARG)"]
[Result "0-1"]
[WhiteElo "2424"]
[BlackElo "2432"]

1.d4 Nf6 2.c4 e6 3.Nc3 Bb4 4.e3 O-O 5.Ne2 d5 6.a3 Be7 7.cxd5 exd5 8.Ng3 c5
9.dxc5 Bxc5 10.Na4 Bd6 11.b4 Be5 12.Bb2 Bxb2 13.Nxb2 Nc6 14.Bb5 Bg4 15.f3 Bd7
16.Bxc6 bxc6 17.O-O a5 18.Qd4 Qe7 19.Nd3 Rfe8 20.Rfe1 h5 21.Nf1 Bf5 22.Nc5 Nd7
23.Ng3 Bg6 24.Nxd7 Qxd7 25.Ne2 axb4 26.axb4 Rxa1 27.Rxa1 Qe7 28.Ra3 Rb8 29.Qc5
Qh4 30.Ra1 Qxb4 31.Qxb4 Rxb4 32.Rc1 Rb1 33.Rxb1 Bxb1 34.Kf2 Kf8 35.Ke1 Ke7
{#R} 0-1

[Event "It"]
[Site "masterchessopen.com Marchena (Spain)"]
[Round "0"]
[White "Montecatine Rios Ricardo (ESP)"]
[Black "Oll Lembit (EST)"]
[Result "0-1"]
[WhiteElo "2361"]
[BlackElo "2570"]

1.d4 Nf6 2.c4 e6 3.Nc3 Bb4 4.e3 O-O 5.Ne2 Re8 6.a3 Bf8 7.e4 d6 8.f3 a6 9.Be3
c6 10.g4 b5 11.b3 Nfd7 12.Ng3 d5 13.c5 e5 14.b4 a5 15.Be2 axb4 16.axb4 Rxa1
17.Qxa1 Na6 18.Qb2 dxe4 19.Ncxe4 Nc7 20.O-O Nd5 21.Bf2 Nf4 22.Nf5 exd4 23.Bxd4
Nxc5 24.Nh6+ gxh6 25.Bxc5 Bxc5+ 26.bxc5 Rxe4 {#R} 0-1

[Event "It"]
[Site "masterchessopen.com Munich (Germany)"]
[Round "0"]
[White "Boensch Uwe (GER)"]
[Black "Huebner Robert Dr (GER)"]
[Result "0-1"]
[WhiteElo "2530"]
[BlackElo "2515"]

1.d4 Nf6 2.c4 e6 3.Nc3 Bb4 4.e3 O-O 5.Ne2 d5 6.cxd5 exd5 7.g3 c6 8.Bg2 Na6
9.O-O Bf5 10.f3 Re8 11.g4 Bg6 12.Nf4 Nd7 13.Rf2 Nb6 14.Bf1 Nc7 15.Nxg6 hxg6
16.Qd3 Qh4 17.a3 Bd6 18.b3 Ne6 19.Raa2 Rad8 20.a4 Nd7 21.Ne2 Ndf8 22.Rc2 Nh7
23.Nf4 Nxf4 24.exf4 Nf8 25.f5 gxf5 26.Qxf5 Ne6 27.Be3 Re7 28.Rce2 Rde8 29.Qd3
Qf6 30.Qf5 Nxd4 31.Bxd4 Qxd4 32.Rxe7 Rxe7 33.Qd3 {#R} 0-1

[Event "Olympiad"]
[Site "masterchessopen.com Novi Sad (Yugoslavia)"]
[Round "0"]
[White "Vera Reynaldo (CUB)"]
[Black "Chandler Murray G (ENG)"]
[Result "0-1"]
[WhiteElo "2485"]
[BlackElo "2560"]

1.d4 Nf6 2.c4 e6 3.Nc3 Bb4 4.e3 O-O 5.Ne2 d5 6.a3 Be7 7.cxd5 exd5 8.g3 Nbd7
9.Bg2 Nb6 10.O-O Re8 11.b3 Bf5 12.f3 c5 13.g4 Bg6 14.Nf4 cxd4 15.exd4 Rc8
16.Nxg6 hxg6 17.Qd3 Bd6 18.h3 Bb8 19.Bd2 Qd6 20.f4 Rcd8 21.Rf2 a6 22.g5 Ne4
23.Nxe4 dxe4 24.Bxe4 Nd5 25.Raf1 Ba7 26.Kg2 Ne7 27.Bb4 Qe6 28.f5 gxf5 29.Bxf5
Qd5+ 30.Rf3 Nc6 31.Bh7+ Kh8 32.Qf5 Re2+ 33.Kg3 Qxd4 34.h4 Bb8+ 35.Kh3 Rh2# 0-1

[Event "It (open)"]
[Site "masterchessopen.com Vienna (Austria)"]
[Round "4"]
[White "Gavrikov Viktor (LTU)"]
[Black "Stajcic Nikola (AUT)"]
[Result "1-0"]
[WhiteElo "2580"]
[BlackElo "2279"]

1.d4 Nf6 2.c4 e6 3.Nc3 Bb4 4.e3 O-O 5.Ne2 d5 6.a3 Be7 7.cxd5 exd5 8.b4 c6
9.Ng3 Re8 10.Bd3 b5 11.O-O a5 12.Rb1 axb4 13.axb4 Na6 14.Na2 Nc5 15.dxc5 Rxa2
16.Qb3 Ra4 17.Bb2 Be6 18.Qc3 Bf8 19.Bc2 Ra8 20.f3 Qc7 21.Qd3 Be7 22.Nh5 Qd8
23.Nxg7 Kf8 24.Nxe8 Qxe8 25.Ra1 Rd8 26.Qd4 {#r} 1-0

[Event "It"]
[Site "masterchessopen.com Aarhus (Denmark)"]
[Round "3"]
[White "Kjeldsen Jens (DEN)"]
[Black "Dokhoian Yury (RUS)"]
[Result "0-1"]
[WhiteElo "2295"]
[BlackElo "2545"]

1.d4 e6 2.c4 Nf6 3.Nc3 Bb4 4.e3 O-O 5.Ne2 d5 6.a3 Be7 7.cxd5 exd5 8.g3 a5
9.Bg2 Na6 10.O-O c6 11.f3 c5 12.g4 h6 13.Bd2 Re8 14.Be1 Bd7 15.h3 Nc7 16.Bf2
b5 17.e4 cxd4 18.Bxd4 dxe4 19.fxe4 Bc6 20.Nf4 b4 21.Ncd5 Nxe4 22.Bxe4 Nxd5
23.Nh5 Ne3 24.Rxf7 Nxd1 25.Rxg7+ Kf8 {#R} 0-1

[Event "Spartakiada URS"]
[Site "masterchessopen.com Azov (Russia)"]
[Round "0"]
[White "Graf Alexander (GER)"]
[Black "Kiselev Sergey (RUS)"]
[Result "1-0"]
[WhiteElo "2475"]
[BlackElo "2510"]

1.d4 Nf6 2.c4 e6 3.Nc3 Bb4 4.e3 O-O 5.Ne2 d5 6.a3 Be7 7.Ng3 b6 8.cxd5 exd5
9.Bd3 Re8 10.O-O c5 11.Nh5 Bb7 12.Bb5 Rf8 13.Qf3 cxd4 14.exd4 Nc6 15.Be3 Na5
16.Rfe1 Nxh5 17.Qxh5 Rc8 18.Bf4 Nc4 19.Bxc4 Rxc4 20.Rad1 Qd7 21.Re3 f6 22.Rh3
h6 23.Bxh6 Bd6 24.Be3 Qe6 25.Qg6 Bc8 26.Qh7+ Kf7 27.Rf3 Re8 28.h3 Bb7 29.Bf4
Rcc8 30.Rg3 Qe1+ 31.Rxe1 Rxe1+ 32.Kh2 Bxf4 {#r} 1-0

[Event "Ch France (team)"]
[Site "masterchessopen.com France"]
[Round "0"]
[White "Neiman Emmanuel (FRA)"]
[Black "Herb Pascal (FRA)"]
[Result "1-0"]
[WhiteElo "2335"]
[BlackElo "2244"]

1.d4 Nf6 2.c4 e6 3.Nc3 Bb4 4.e3 O-O 5.Ne2 Re8 6.a3 Bf8 7.e4 e5 8.dxe5 Ng4
9.Ng3 Nxe5 10.Be3 d6 11.Be2 Na6 12.O-O c6 13.f4 Nd7 14.b4 Nc7 15.Qd2 a5
16.Rab1 axb4 17.axb4 Rb8 18.Rfd1 g6 19.Bf3 Qe7 20.Bf2 Bh6 21.b5 Ne6 22.Nge2
Ra8 23.g3 Ne5 24.Bg2 Nxc4 25.Qd3 Na5 26.Ra1 d5 27.exd5 Nc5 28.Qf3 cxd5 29.Nxd5
Qxe2 30.Qxe2 Rxe2 31.Bxc5 Bg4 32.Nf6+ Kh8 33.Nxg4 {#r} 1-0

[Event "Bundesliga 1990/91 (2nd)"]
[Site "masterchessopen.com Germany"]
[Round "0"]
[White "Schulte Torsten (GER)"]
[Black "Sandmeier Toni (GER)"]
[Result "0-1"]
[WhiteElo "2164"]
[BlackElo "2209"]

1.d4 Nf6 2.c4 e6 3.Nc3 Bb4 4.e3 O-O 5.Ne2 d5 6.a3 Be7 7.Nf4 c6 8.Bd3 Nbd7
9.cxd5 exd5 10.Bd2 Bd6 11.Nh5 Re8 12.Nxf6+ Nxf6 13.Qc2 Qe7 14.Bf5 Be6 15.Bxe6
fxe6 16.O-O-O e5 17.dxe5 Bxe5 18.Kb1 a5 19.Na2 Ne4 20.Bc3 Qf6 21.Bxe5 Qxe5
22.Nc1 Rf8 23.Nd3 Qf5 24.Rhf1 a4 25.Ka1 Nd6 26.Kb1 Nc4 27.Nb4 Qxc2+ 28.Kxc2 b5
29.Rd4 Nxe3+ {#R} 0-1

[Event "Bundesliga 1990/91 (2nd)"]
[Site "masterchessopen.com Germany"]
[Round "0"]
[White "Volke Karsten (GER)"]
[Black "Breyther Ruediger (GER)"]
[Result "1-0"]
[WhiteElo "2448"]
[BlackElo "2341"]

1.d4 Nf6 2.c4 e6 3.Nc3 Bb4 4.e3 O-O 5.Ne2 d5 6.a3 Be7 7.cxd5 exd5 8.Nf4 c6
9.Bd3 Nbd7 10.O-O a5 11.f3 Nb6 12.Kh1 Be6 13.Bc2 Re8 14.e4 Nfd7 15.b3 Nf8
16.Bb2 Qd7 17.Nd3 Bd6 18.a4 Qe7 19.e5 Bb8 20.Ba3 Qh4 21.Nc5 Bc8 22.f4 g6 23.f5
gxf5 24.Bxf5 Bxf5 25.Rxf5 Ne6 26.Nxe6 Rxe6 27.g3 Qh6 28.Qf3 f6 29.Rxf6 Rxf6
30.exf6 {#r} 1-0

[Event "Ch Club"]
[Site "masterchessopen.com Helsinki (Finland)"]
[Round "0"]
[White "Norri Joose (FIN)"]
[Black "Karner Hillar (EST)"]
[Result "1-0"]
[WhiteElo "2291"]
[BlackElo "2251"]

1.d4 Nf6 2.c4 e6 3.Nc3 Bb4 4.e3 O-O 5.Ne2 d5 6.a3 Be7 7.cxd5 exd5 8.g3 c6
9.Bg2 Na6 10.O-O Nc7 11.f3 c5 12.Kh1 b6 13.e4 dxe4 14.fxe4 cxd4 15.Nxd4 Bc5
16.Nf5 Ba6 17.Re1 Qxd1 18.Nxd1 Ng4 19.b4 Nf2+ 20.Nxf2 Bxf2 21.Rd1 Rad8 22.Bf4
Rxd1+ 23.Rxd1 Ne6 24.Bd6 Re8 25.e5 Bb5 26.Bd5 g6 27.Nh6+ Kg7 28.Ng4 Ba4 29.Rc1
Bd4 30.Nf6 Rh8 31.Bxe6 fxe6 32.Rc7+ Kh6 33.h4 {#r} 1-0

[Event "Tournament (a)"]
[Site "masterchessopen.com Kecskemet (Hungary)"]
[Round "0"]
[White "Sarosi Zoltan (HUN)"]
[Black "Gyimesi Zoltan (HUN)"]
[Result "0-1"]
[WhiteElo "2297"]
[BlackElo "2646"]

1.d4 Nf6 2.c4 e6 3.Nc3 Bb4 4.e3 O-O 5.Ne2 b6 6.a3 Be7 7.d5 Ba6 8.Nf4 e5 9.Nh5
Nxh5 10.Qxh5 d6 11.e4 Nd7 12.Be2 g6 13.Qh6 Bf6 14.Qe3 Bg7 15.g4 Nc5 16.h4 Nb3
17.Rb1 Nd4 18.Qd3 f5 19.gxf5 gxf5 20.Bg5 Qe8 21.Kd2 Nxe2 22.Qxe2 h6 23.Rbg1
hxg5 24.Rxg5 Kh7 25.exf5 Bc8 26.Qe4 Bh6 27.Ke1 Qf7 28.f6+ Kh8 29.Rg6 Qh7
30.Nb5 Rxf6 31.h5 Bf5 32.Qf3 Raf8 {#R} 0-1

[Event "It (open)"]
[Site "masterchessopen.com Los Angeles (USA)"]
[Round "0"]
[White "Berman M"]
[Black "Denker Arnold S (USA)"]
[Result "0-1"]
[WhiteElo "2180"]
[BlackElo "2285"]

1.d4 Nf6 2.c4 e6 3.Nc3 Bb4 4.e3 O-O 5.Ne2 d5 6.a3 Be7 7.c5 c6 8.b4 Nbd7 9.Bb2
a5 10.Nf4 Qc7 11.Nd3 e5 12.dxe5 Nxe5 13.Nxe5 Qxe5 14.Na4 Qe4 15.Qd4 axb4
16.axb4 Rxa4 17.Rxa4 Qb1+ 18.Qd1 Qxb2 19.Bd3 b6 20.O-O bxc5 {#R} 0-1

[Event "Ch France (accession)"]
[Site "masterchessopen.com Montpellier (France)"]
[Round "4"]
[White "Geffroy Laurent (FRA)"]
[Black "Chaplin Erik (FRA)"]
[Result "0-1"]
[WhiteElo "2227"]
[BlackElo "2083"]

1.d4 Nf6 2.c4 e6 3.Nc3 Bb4 4.e3 O-O 5.Ne2 d5 6.a3 Be7 7.Nf4 c6 8.b3 Nbd7 9.Bb2
Bd6 10.Bd3 dxc4 11.bxc4 e5 12.Nfe2 Re8 13.O-O c5 14.Ng3 exd4 15.exd4 cxd4
16.Nd5 Bc5 17.Qc2 g6 18.Rae1 b6 19.Rxe8+ Nxe8 20.Qd2 Bb7 21.Re1 Nef6 22.Qf4
Bxd5 23.cxd5 Nxd5 24.Qf3 N7f6 25.Bc4 Rc8 26.Rd1 Qd6 27.Ne2 Qe5 28.Nxd4 Nf4
29.Qb3 Rd8 30.Bxf7+ Kh8 31.Nf3 Rxd1+ 32.Qxd1 Qxb2 33.Qd8+ Kg7 {#R} 0-1

[Event "It (open)"]
[Site "masterchessopen.com Saint Martin (France & Netherl)"]
[Round "0"]
[White "Campiz Leonardo (PUR)"]
[Black "Gobet Fernand (SUI)"]
[Result "0-1"]
[WhiteElo "2088"]
[BlackElo "2400"]

1.d4 Nf6 2.c4 e6 3.Nc3 Bb4 4.e3 O-O 5.Ne2 d5 6.a3 Be7 7.cxd5 exd5 8.g3 c6
9.Bg2 Na6 10.O-O Nc7 11.Nf4 Ne6 12.Nxe6 Bxe6 13.b3 Re8 14.Bb2 Qd7 15.Re1 Bh3
16.Bh1 Bf8 17.Rc1 Ne4 18.Nxe4 dxe4 19.d5 cxd5 20.Qd4 Qb5 21.b4 b6 22.Bg2 Bxg2
23.Kxg2 Rac8 24.Red1 Qe2 25.Rxc8 Rxc8 26.Rd2 Qf3+ 27.Kg1 Rc6 28.Qe5 h5 29.Qf4
Qxf4 30.gxf4 Rd6 31.Rc2 Rd7 32.Rc8 f6 33.Kg2 Kf7 34.Kh3 Be7 35.f5 Bd6 36.Rc6
g6 {#R} 0-1

[Event "It (open)"]
[Site "masterchessopen.com Zaragoza (Spain)"]
[Round "9"]
[White "Gavin Roche Enrique (ESP)"]
[Black "Benito Alba Eladio (ESP)"]
[Result "0-1"]
[WhiteElo "2253"]
[BlackElo "1786"]

1.d4 Nf6 2.c4 e6 3.Nc3 Bb4 4.e3 O-O 5.Ne2 c5 6.a3 Bxc3+ 7.Nxc3 cxd4 8.exd4 d5
9.Be3 b6 10.Be2 dxc4 11.Bxc4 Bb7 12.O-O Nbd7 13.f4 Ne4 14.Qc2 Ndf6 15.f5 Rc8
16.Bd3 Re8 17.fxe6 Rxe6 18.Rfe1 Ng4 19.Bxe4 Bxe4 20.Qd2 Bb7 21.Bg5 Qd6 22.Bf4
Qc6 23.d5 Qc5+ 24.Kf1 Ba6+ {#R} 0-1

[Event "Ch Germany (juniors) (under 15)"]
[Site "masterchessopen.com Bochum (Germany)"]
[Round "0"]
[White "Lang Zalan Andreas (GER)"]
[Black "Florea Dan (GER)"]
[Result "1-0"]
[WhiteElo "2218"]
[BlackElo "2304"]

1.d4 Nf6 2.c4 e6 3.Nc3 Bb4 4.e3 O-O 5.Ne2 c5 6.a3 Bxc3+ 7.Nxc3 cxd4 8.exd4 h6
9.Be2 d5 10.c5 Nc6 11.Bf4 Ne8 12.b4 Qf6 13.Be3 a6 14.O-O Nc7 15.Qd2 Rd8 16.Na4
Bd7 17.Nb6 Ra7 18.a4 a5 19.Nxd7 Rxd7 20.b5 {#r} 1-0

[Event "Tournament"]
[Site "masterchessopen.com Canada"]
[Round "4"]
[White "Peckford William (CAN)"]
[Black "Barsov Alexei (UZB)"]
[Result "0-1"]
[WhiteElo "2270"]
[BlackElo "2526"]

1.d4 Nf6 2.c4 e6 3.Nc3 Bb4 4.e3 O-O 5.Ne2 d5 6.a3 Be7 7.cxd5 Nxd5 8.Qc2 Nd7
9.e4 Nxc3 10.Nxc3 c5 11.dxc5 Bxc5 12.Be2 Ne5 13.Na4 Bd4 14.O-O Bd7 15.Rd1 Rc8
16.Qb3 Nc6 17.Qg3 e5 18.Bd2 f5 19.exf5 Bxf5 20.Qb3+ Kh8 21.Be3 Na5 22.Qb4 Bc2
23.Rf1 Nc6 24.Qc4 Ne7 25.Qb5 a6 26.Qxb7 Bxa4 27.Bg5 Bc6 28.Qb3 Rb8 29.Qh3 Rxb2
30.Bd3 e4 {#R} 0-1

[Event "Memorial M.Tal"]
[Site "masterchessopen.com Moscow (Russia)"]
[Round "28"]
[White "Zaiatz Elena (RUS)"]
[Black "Gorbatov Alexej (RUS)"]
[Result "0-1"]
[WhiteElo "2441"]
[BlackElo "2373"]

1.d4 Nf6 2.c4 e6 3.Nc3 Bb4 4.e3 O-O 5.Ne2 d5 6.a3 Be7 7.cxd5 exd5 8.Nf4 c6
9.Be2 a5 10.f3 Re8 11.O-O Bf8 12.Bd3 Na6 13.Kh1 Nc7 14.Bc2 b5 15.Nd3 Bf5
16.Bd2 Bd6 17.Ne2 Nd7 18.Nf2 Qh4 19.g3 Qh5 20.Kg2 Nb6 21.e4 dxe4 22.Nxe4 Bh3+
23.Kg1 Bxf1 24.Qxf1 Nc4 25.Bf4 Bxf4 26.Nxf4 Qh6 27.Bb3 Nd5 28.Bxc4 bxc4 29.Ng2
Rab8 30.Rb1 f5 31.Nc5 Qd2 32.Qxc4 Re2 {#R} 0-1

[Event "Ch Uzbekistan"]
[Site "masterchessopen.com Tashkent (Uzbekistan)"]
[Round "0"]
[White "Graf Alexander (GER)"]
[Black "Loginov Valery A (RUS)"]
[Result "1-0"]
[WhiteElo "2628"]
[BlackElo "2486"]

1.d4 Nf6 2.c4 e6 3.Nc3 Bb4 4.e3 O-O 5.Ne2 d5 6.a3 Be7 7.Ng3 c5 8.dxc5 Bxc5
9.b4 Be7 10.Bb2 Nc6 11.Qc2 d4 12.Rd1 e5 13.Be2 Bd7 14.Nd5 Rc8 15.Nxe7+ Qxe7
16.exd4 Nxd4 17.Bxd4 exd4 18.Rxd4 a5 19.Qd2 axb4 20.axb4 b6 21.O-O Be6 22.Rd1
h6 23.Nf1 Nd7 24.Ne3 Ne5 25.f4 Nc6 26.Rd6 Rfe8 27.Bf3 Nb8 28.Qd4 Bd7 29.Kf2
Bc6 30.Nf5 Qf8 31.b5 Bxf3 32.gxf3 g6 33.Rg1 Kh7 34.Ne3 Qe7 35.f5 g5 36.Ng4
{#r} 1-0

[Event "It (open)"]
[Site "masterchessopen.com Baden-Baden (Germany)"]
[Round "0"]
[White "Hoefer Daniel (GER)"]
[Black "Schlosser Philipp (GER)"]
[Result "0-1"]
[WhiteElo "2001"]
[BlackElo "2550"]

1.d4 Nf6 2.c4 e6 3.Nc3 Bb4 4.e3 O-O 5.Ne2 d5 6.a3 Be7 7.Nf4 c6 8.Be2 Nbd7
9.O-O dxc4 10.Bxc4 e5 11.Nfe2 exd4 12.exd4 Nb6 13.Bd3 Bg4 14.h3 Bh5 15.f4 Bxe2
16.Nxe2 Re8 17.f5 Nfd5 18.Rf3 Bg5 19.Bxg5 Qxg5 20.Rg3 Qh6 21.Qc1 Re3 22.Rxe3
Nxe3 23.Ng3 Nbd5 24.Ne4 Re8 25.Qc5 Nf4 26.Qd6 Qh4 27.Bf1 Nxf1 28.Rxf1 Ne2+
29.Kh2 Qxe4 30.Re1 h5 {#R} 0-1

[Event "Ch Yugoslavia (team)"]
[Site "masterchessopen.com Cetinje (Montenegro)"]
[Round "9"]
[White "Jovanovic Sasa T (SRB)"]
[Black "Novoselski Zoran (SRB)"]
[Result "0-1"]
[WhiteElo "2276"]
[BlackElo "2384"]

1.d4 Nf6 2.c4 e6 3.Nc3 Bb4 4.e3 O-O 5.Ne2 Re8 6.a3 Bf8 7.Nf4 d6 8.Be2 e5
9.dxe5 dxe5 10.Qxd8 Rxd8 11.Nfd5 Nxd5 12.cxd5 c6 13.e4 Bc5 14.Bc4 Nd7 15.dxc6
bxc6 16.Bg5 Re8 17.O-O Bd4 18.Rac1 Nc5 19.Rfe1 Be6 20.Bf1 Bb3 21.Be3 Rad8
22.Nd1 Nxe4 23.Rxc6 Bxd1 24.Bxd4 Rxd4 25.Rc7 a5 26.f3 Nd6 27.Rc5 a4 28.Rcxe5
Rxe5 29.Rxe5 Rd2 30.Re3 Bb3 {#R} 0-1

[Event "Cup 4 Laender (w)"]
[Site "masterchessopen.com Germany"]
[Round "0"]
[White "Horvath Maria (AUT)"]
[Black "Hund Barbara (SUI)"]
[Result "0-1"]
[WhiteElo "2019"]
[BlackElo "2226"]

1.d4 Nf6 2.c4 e6 3.Nc3 Bb4 4.e3 O-O 5.Ne2 d5 6.a3 Be7 7.Nf4 c6 8.Bd3 Nbd7
9.cxd5 cxd5 10.O-O b6 11.Bb5 Bb7 12.Nd3 a6 13.Ba4 Rc8 14.f4 b5 15.Bb3 Qb6
16.Bd2 a5 17.Ne5 Ba6 18.Rf3 b4 19.axb4 axb4 20.Na2 Nxe5 21.fxe5 Ne4 22.Qe1 Bc4
23.Bd1 Ra8 24.b3 Bd3 25.Be2 Bxe2 26.Qxe2 Ra5 27.Rh3 Qa6 {#R} 0-1

[Event "Oberliga Baden 1992/93"]
[Site "masterchessopen.com Germany"]
[Round "0"]
[White "Schienmann Bruno (GER)"]
[Black "Nonnenmacher Eberhard Dr (GER)"]
[Result "0-1"]
[WhiteElo "2235"]
[BlackElo "2285"]

1.d4 Nf6 2.c4 e6 3.Nc3 Bb4 4.e3 O-O 5.Ne2 d5 6.a3 Be7 7.cxd5 exd5 8.g3 c6
9.Bg2 Nbd7 10.O-O Re8 11.b3 Nf8 12.Qd3 Ng6 13.Bb2 Bd6 14.Rad1 Qe7 15.b4 h5
16.Nf4 Nxf4 17.exf4 b5 18.Na2 Qe2 19.Qb1 Bf5 20.Qa1 h4 21.Rde1 Qh5 22.Rxe8+
Rxe8 23.Re1 h3 24.Rxe8+ Nxe8 25.Qe1 Nf6 26.Bf1 Bxf4 27.Nc3 Bd6 28.Qe3 Bg4
29.Bd3 Bf3 30.Bc1 Qg4 31.Be2 Bxe2 32.Nxe2 Qf5 33.Nf4 Qc2 34.Qd2 Qf5 35.Qc3
{#R} 0-1

[Event "It (open)"]
[Site "masterchessopen.com Harkany (Hungary)"]
[Round "0"]
[White "Lugovoi Aleksei (RUS)"]
[Black "Torok Jozsef (HUN)"]
[Result "1-0"]
[WhiteElo "2531"]
[BlackElo "2253"]

1.d4 Nf6 2.c4 e6 3.Nc3 Bb4 4.e3 O-O 5.Ne2 d6 6.a3 Bxc3+ 7.Nxc3 e5 8.Be2 a5
9.O-O Nc6 10.b3 Bf5 11.Bb2 exd4 12.exd4 d5 13.Bc1 a4 14.cxd5 Nxd5 15.Nxa4 Rxa4
16.bxa4 Nc3 17.Qd2 Nxd4 18.Bd1 Ne4 19.Qb2 Qf6 20.Kh1 Qh4 21.Be3 Rd8 22.Rc1 Be6
23.Qxb7 c5 24.Qc7 c4 25.Rb1 Nb3 26.Bf3 Rc8 27.Qe5 Nec5 28.Bxc5 Rxc5 29.Rxb3
{#r} 1-0